书目信息 |
| 题名: |
普希金选集
|
|
| 作者: | 普希金 著 ;智量 译 | |
| 分册: | 第五卷 叶甫盖尼·奥涅金 | |
| 出版信息: | 北京 人民文学出版社 1985 |
|
| 页数: | 441页 | |
| 开本: | 20cm | |
| 丛书名: | ||
| 单 册: | ||
| 中图分类: | I512.24 | |
| 科图分类: | ||
| 主题词: | 文学 | |
| 电子资源: | ||
| ISBN: | ||
| 000 | 00766nam0 2200265 45 | |
| 001 | 0185009374 | |
| 005 | 20040408153005.4 | |
| 010 | @dCNY2.05 | |
| 091 | @a10019.3741 | |
| 100 | @a19951007d1985 em y0chiy0121 ea | |
| 101 | 1 | @achi@crus |
| 102 | @aCN@b110000 | |
| 105 | @af z 000gy | |
| 106 | @ar | |
| 200 | 10 | @a普希金选集@Apu xi jin xuan ji@h第五卷@i叶甫盖尼·奥涅金@e诗体长篇小说@f(俄)普希金著@g智量译 |
| 210 | @a北京@c人民文学出版社@d1985 | |
| 215 | @a441页@c图@d20cm | |
| 517 | 1 | @a叶甫盖尼·奥涅金@Aye fu gai ni · ao nie jin |
| 606 | 0 | @a文学 |
| 690 | @aI512.24 | |
| 701 | 1 | @a普希金@Apu xi jin@4著 |
| 702 | 0 | @a智量@Azhi liang@4译 |
| 801 | 0 | @aCN@b深圳图书馆@c20040408 |
| 801 | 2 | @aCN@bNLC@c20040408 |
| 905 | @f4@b137198-201@dI512.24@e237:5 | |
| 普希金选集.第五卷.叶甫盖尼·奥涅金:诗体长篇小说/(俄)普希金著/智量译.-北京:人民文学出版社,1985 |
| 441页:图;20cm |
| ISBN :CNY2.05 |
| ● |
| 相关链接 |
|
|
|
|
正题名:普希金选集
索取号:I512.24/237:5
 
预约/预借
| 序号 | 登录号 | 条形码 | 馆藏地/架位号 | 状态 | 备注 |
| 1 | 0137198 | 000658933 | 第二借阅区/ [索取号:I512.24/237:5] | 在馆 | |
| 2 | 0137199 | 000658924 | 第二借阅区/ [索取号:I512.24/237:5] | 在馆 | |
| 3 | 0137200 | 000658951 | 第二借阅区/ [索取号:I512.24/237:5] | 在馆 | |
| 4 | 0137201 | 000658960 | 第二借阅区/ [索取号:I512.24/237:5] | 在馆 | |
| 5 | 0137202 | 000658942 | 第一样本阅览室/ [索取号:I512.24/237:5] | 在馆 |